000 01353nam1a2200385 i 4500
001 RU\NLR\bibl\856147
005 20260405205507.0
035 _a(NLR Aleph) 000844864
090 _a1443376
_c1443376
100 _a20051019g20049999u y0rusy50 ca
101 0 _arus
102 _aRU
105 _aa |||||||||
200 1 _aНовый энциклопедический словарь изобразительного искусства
_e[в 10 томах]
_fВиктор Власов
210 _aСанкт-Петербург
_cАзбука-классика
_d2004
215 _d24
463 0 _1001804355
463 0 _1001809797
463 0 _1001901211
463 0 _1001972006
463 0 _10011040946
463 0 _10011087144
463 0 _10011129675
463 0 _10011203831
463 0 _10011281028
463 0 _10011663876
606 _aИзобразительное искусство
_jЭнциклопедические словари
_92077705
_3RU\NLR\auth\661253401
686 _aЩ10я21
700 1 _4070
_7ca
_8rus
_aВласов
_bВ. Г.
_cд-р искусствоведения
_f1947-
_gВиктор Георгиевич
_975663
_3RU\NLR\auth\7792736
801 0 _aRU
_bNLR
_c20051019
_grcr
801 1 _aRU
_bNLR
_c20051019
830 _aАвт. по кн.
852 _aNLR
_jС 2005-3/62
942 _cBOOK